| 000 | 01641cam a2200373 a 4500 | ||
|---|---|---|---|
| 999 |
_c328622 _d328622 |
||
| 001 | 15053966 | ||
| 003 | Nust | ||
| 005 | 20170412155427.0 | ||
| 008 | 071022s2007 nyu d 000 1 eng | ||
| 010 | _a 2007037824 | ||
| 020 | _a9780755339846 | ||
| 040 |
_aDLC _cDLC _dDLC |
||
| 042 | _alcac | ||
| 050 | 0 | 0 |
_aPZ7.V94 _bItah 2007 |
| 082 | 0 | 0 |
_a813.6 _bZIE |
| 100 | 1 | _aVon Ziegesar, Cecily. | |
| 245 | 1 | 0 |
_aIt had to be you : _bthe Gossip Girl prequel / _cby Cecily von Ziegesar. |
| 246 | 3 | 0 | _aGossip Girl prequel |
| 250 | _a1st ed. | ||
| 260 |
_aNew York : _bLittle, Brown, _c2007. |
||
| 300 |
_a326 p. ; _c21 cm. |
||
| 490 | 0 | _aGossip Girl | |
| 500 | _a"Poppy." | ||
| 520 | _aReveals the effects on a trio of bright, attractive, fifteen-year-old friends--Serena van der Woodsen, Blair Waldorf, and Nate Archibald--when Serena considers leaving their seemingly-perfect life of luxury in New York's Upper East Side for boarding school. | ||
| 650 | 1 |
_aHigh schools _vFiction. |
|
| 650 | 1 |
_aInterpersonal relations _vFiction. |
|
| 650 | 1 |
_aWealth _vFiction. |
|
| 650 | 1 |
_aSchools _vFiction. |
|
| 651 | 1 |
_aNew York (N.Y.) _vFiction. |
|
| 856 | 4 | 2 |
_3Publisher description _uhttp://www.loc.gov/catdir/enhancements/fy0804/2007037824-d.html |
| 856 | 4 | 2 |
_3Contributor biographical information _uhttp://www.loc.gov/catdir/enhancements/fy0804/2007037824-b.html |
| 906 |
_a7 _bcbc _corignew _d1 _eecip _f20 _gy-gencatlg |
||
| 942 |
_2ddc _cBK |
||